000 00316nam a22001457a 4500
003 OSt
005 20220114152249.0
008 220114b |||||||| |||| 00| 0 eng d
020 _a8121903424
040 _cHU
082 _a620
100 _aRay
_918524
245 _aA Text Book On Dynamics
942 _2ddc
_cBOOKS
_n0
999 _c27141
_d27141